| 000 | 01262 a2200313 4500 | ||
|---|---|---|---|
| 999 |
_c200130682 _d30601 |
||
| 001 | 200130682 | ||
| 003 | TR-AnTOB | ||
| 005 | 20231208154733.0 | ||
| 008 | 131011b tu 000 0 | ||
| 020 | _a9780195016161 | ||
| 040 |
_aTR-AnTOB _cTR-AnTOB |
||
| 041 | _aeng | ||
| 050 | 0 | 0 |
_aPR461 _b.T829 1973 |
| 090 | _aPR461 .T829 1973 | ||
| 100 | 1 |
_aTrilling, Lionel, _d1905-1975 _993587 |
|
| 245 | 1 | 0 |
_aVictorian prose and poetry / _cLionel Trilling, Harold Bloom. |
| 264 | 1 |
_aNew York ; _aLondon : _bOxford University Press, _c1973. |
|
| 300 |
_av, 750 p., [32] p. of plates : _bill. ; _c22 cm. |
||
| 490 | 0 | _aThe Oxford anthology of English literature | |
| 504 | _aIncludes index and bibliography | ||
| 650 | 0 | 0 |
_aEnglish prose literature _y19th century _xHistory and criticism _993588 |
| 650 | 0 | 0 |
_aEnglish literature _y19th century _xHistory and criticism _993455 |
| 650 | 0 | 0 |
_aEnglish poetry _y19th century _xHistory and criticism _992765 |
| 650 | 0 | 7 |
_aİngiliz nesir edebiyatı _y19. yüzyıl _xTarih ve eleştiri _2etuturkob _993590 |
| 650 | 0 | 7 |
_aİngiliz edebiyatı _y19. yüzyıl _xTarih ve eleştiri _2etuturkob _992745 |
| 650 | 0 | 7 |
_aİngiliz şiiri _y19. yüzyıl _xTarih ve eleştiri _2etuturkob _992767 |
| 700 |
_aTrilling, Lionel, _d1905-1975 _993587 |
||
| 942 |
_cBK _2lcc |
||